00968 2200313 4500001002100000001002100021005001500042020002200057035002400079040001200103082001700115084002100132090001900153090002100172100002700193245005700220245012400277250001100401260003100412260004300443300004000486504003100526650002800557850001200585990001500597990001500612990001500627990001200642YOGYA000000000001160YOGYA00000000000116020140822085348 a978-602-8533-21-8 0010-081400000001200 aYOPDYOG 2[22]a303.34 aCoE 303.34 Sur M aR 361.05 Sup K aCoE 303.34 Sur M aSURYO SAKTI HADIWIJOYO aKamus istilah pekerjaan sosial cet.1cSuparlan , Y.B aMenggugat keistimewaan Jogjakartab: tarik ulur kepentingan, konflik elit dan isu perpecahanc/ Suryo Sakti Hadiwijoyo. aCet.1. aYogyakartabKanisiusc1990 aYogyakartabPinus Book Publisherc2009 a240 hlm.b: ilus.c; 21 cm (3 eks.) aBibliografi : hlm. 225-236 aKepemimpinan-Yogyakarta aYOPDYOG a47220-P/94 a47222-P/94 a47221-P/94 a32744-P